| 000 | 00768cab a2200229 4500 | ||
|---|---|---|---|
| 001 | X1588 | ||
| 008 | 090401t1994 xxu||||| |||| 00| 0 eng d | ||
| 035 | _a(Sirsi) u17911 | ||
| 041 | _aeng | ||
| 245 | _aSpring v Guardian Assurance Plc | ||
| 260 | _c1994 | ||
| 350 | _a0 | ||
| 490 |
_aWeekly Law Reports _v1994 3 WLR 354-402 |
||
| 490 |
_aAll England Law Reports _v1994 3 ALL ER 129-179 |
||
| 520 | _aCharacter reference - Reference supplied to third party under regulatory organisation rules - reference inaccurate - whether company liable to representative in negligence. | ||
| 650 | _aDUTY OF CARE | ||
| 650 | _aEMPLOYMENT | ||
| 650 | _aREFERENCES | ||
| 690 | _aMANAGEMENT-BUSINESS MANAGEMENT-PROFESSIONAL PRACTICE | ||
| 942 | _n0 | ||
| 948 | _c04/03/1997 | ||
| 999 |
_c11879 _d11879 |
||